01771nam a2200325 a 45000010005000000030008000050050017000130080041000300350018000710400027000890410008001160430012001240820042001361100038001782450065002162460164002812460180004452600049006253000027006745000021007015050243007226100037009656500040010026510054010426510057010969420013011539990015011669520132011819520132013139816BD-RjUL20211208234837.0190228m19351934ii 001 0 eng d a(BD-RjUL)9861 aDLCcDLCdBD-RjULbeng aeng aa-ii--- a324.254083223bINC Sr.-1-2 1934-19351 aIndian National Congress.922874110aCongress Presidential Addresses /cIndian National Congress. aCongress Presidential Addresses: b1st series: From the foundation to the Silver jubilee; containing full text of the presidential addresses from 1885 to 1910 aCongress Presidential Addresses: b2nd series: From the foundationFrom the Silver to the Golden jubilee; containing full text of the presidential addresses from 1911 to 1934. aMadras:bG.A. Natesan & Co. ,c [1934-1945 ] a2 Sr. :bIll. ;c23 cm aIncludes indexes0 aSr.-1, From the foundation to the Silver jubilee; containing full text of the presidential addresses from 1885 to 1910.-- Sr. 2. From the Silver to the Golden jubilee, containing full text of the presidential addresses from 1911 to 1934.20aIndian National Congress9229007 0aNationalismzIndiaxHistory9228742 0aIndiaxPolitics and governmenty1857-19199228743 0aIndiaxPolitics and governmenty20th century9228744 2ddccRAR c9816d9816 00102ddc40718RAREaRUCLbRUCLcRared2019-02-28l0oRA 324.254083 INC Sr.-1 1935r2019-02-28 00:00:00tC-1w2021-12-08yRAR 00102ddc40718RAREaRUCLbRUCLcRared2019-02-28l0oRA 324.254083 INC Sr.-2 1934r2019-02-28 00:00:00tC-1w2021-12-08yRAR